Pays ayant le plus de tanks - Statistiques

Statistiques générales
  • Ce quiz a été pris 112 fois
  • Le résultat moyen est 15 sur 25
Statistiques - réponses
Top 25 Pays % Correct
4# 4,666 États-Unis
99%
2# 5,630 Russie
99%
1# 5,870 Chine
98%
3# 4,895 Corée du Nord
86%
5# 3,913 Inde
85%
8# 2,675 Iran
83%
17# 1,300 Israel
80%
11# 1,831 Corée du Sud
76%
18# 1,188 Irak
72%
7# 2,677 Pakistan
72%
19# 1,121 Ukraine
71%
6# 3,620 Égypte
70%
13# 1,485 Algérie
64%
15# 1,346 Maroc
62%
9# 2,284 Turquie
60%
21# 1,085 Arabie Saoudite
59%
24# 798 Pologne
48%
25# 744 Thailande
47%
10# 1,999 Vietnam
47%
16# 1,344 Grèce
32%
22# 1,055 Soudan
31%
20# 1,090 Taiwan
30%
12# 1,508 Jordanie
27%
23# 1,040 Birmanie
23%
14# 1,354 Azerbaïdjan
15%
Aucun quiz correspondant
Distribution des résultats
% des personnes avec chaque résultat
Percentile par nombre de réponses
Votre historique - résultats
Vous n’avez pas pris ce quiz